|
|
|
|
| LEADER |
00000nam a2200000 a 4500 |
| 001 |
vtls010285898 |
| 003 |
SK-MaSNL |
| 005 |
20260302011816.0 |
| 008 |
251029s2010 rb a 000 jdslo |
| 015 |
|
|
|a SNBZSA2012-00009
|
| 020 |
|
|
|a 9788682513216
|q (brož.)
|
| 035 |
|
|
|a 41FED089-DBBB-404B-8CC3-3ABC2BFFA120
|
| 035 |
|
|
|a urn:nbn:sk:snk-amji3k
|
| 035 |
|
|
|a urn:nbn:sk:snk-am001z7b
|
| 040 |
|
|
|a SNK
|b slo
|c SNK
|e AACR2
|
| 041 |
0 |
|
|a slo
|
| 044 |
|
|
|a rb
|c RS
|
| 072 |
|
7 |
|a 821.162.4-3
|x Slovenská próza
|2 konspekt
|
| 080 |
|
|
|a 821.162.4(497.11)-3
|2 2001
|
| 100 |
1 |
|
|a Feldy, Jaroslav,
|d 1949-
|4 aut
|9 600538
|
| 245 |
1 |
0 |
|a Život píše poviedky
|c Jaroslav Feldy ; [ilustrácie Pavel Koza]
|
| 260 |
|
|
|a Nový Sad
|b Hlas ľudu
|c 2010
|
| 300 |
|
|
|a 155 s.
|b ilustr.
|c 24 cm
|
| 490 |
1 |
|
|a Z novinárskej kuchyne
|v zv. 8
|
| 500 |
|
|
|a Pozn. o aut. Bibliogr. pozn.
|
| 650 |
0 |
7 |
|a Slováci
|y Vojvodina (Srbsko)
|2 snkph
|9 317116
|
| 655 |
|
7 |
|a slovenské poviedky
|2 snkph
|9 70226
|
| 655 |
|
7 |
|a poviedky pre deti
|2 snkph
|9 401346
|
| 700 |
1 |
|
|a Koza, Pavel
|4 ill
|9 405020
|
| 830 |
|
0 |
|a Z novinárskej kuchyne
|9 467837
|
| 852 |
|
|
|a Štátna vedecká knižnica v Banskej Bystrici
|
| 919 |
|
|
|a 978-86-82513-21-6
|
| 958 |
|
|
|a ZS
|
| 958 |
|
|
|a LX
|
| 958 |
|
|
|a NM
|
| 958 |
|
|
|a RS
|
| 958 |
|
|
|a OND
|
| 999 |
|
|
|c 1007459
|d 1009389
|
| 952 |
|
|
|a SNK
|b SNK
|y PREZ
|7 0
|p 17A0717766
|o snkSC 146737
|i snk2011/19026
|8 2
|g 5.64
|0 0
|1 0
|4 0
|d 2011-06-15
|l 0
|r 2025-07-15 00:00:00
|w 2026-02-24
|
| 952 |
|
|
|a SNK
|b SNK
|y VYP
|7 0
|p 17A0717751
|o snkSC 146737 D1
|i snk2011/19027
|8 2
|g 5.64
|0 0
|1 0
|4 0
|d 2011-06-15
|f 1
|l 0
|r 2026-02-24 12:40:44
|w 2026-02-24
|